000 00402nam a22001457a 4500
005 20250210110124.0
008 250210b |||||||| |||| 00| 0 eng d
020 _a9988788150
050 _aHG1590
_bBRA
100 _aBray, George R.
245 _aBusiness communications;
_bbankers workbook series
260 _aAccra
_bThe Chartered Institute of Bankers
_cc1999
300 _a269p
942 _2lcc
_cBK
_n0
999 _c3776
_d3776